000 01247nam a2200241Ia 4500
999 _c36281
_d36281
001 2188
003 GE_BSU
005 20190515191056.0
008 181216s1983||||ge |||||||||||||| ||geo||
040 _cGE_BSU
041 _ageo
080 _a821.353.1.092+821.353.1.092 ი-54
100 _aინგოროყვა, პავლე
_91192
245 _aახალი ქართული ლიტერატურის ფუძემდებელნი :
_bნიკოლოზ ბარათაშვილი ; ილია ჭავჭავაძე ; აკაკი წერეთელი /
_cპავლე ინგოროყვა ; რედ. ნ. ინასარიძე.
264 _aთბილისი
_bმერანი,
_c1983.
300 _a420 გვ.;
_b20 სმ.
653 _aქართული ლიტერატურის ისტორია და კრიტიკა
653 _aნიკოლოზ ბარათაშვილი
653 _aილია ჭავჭავაძე
653 _aაკაკი წერეთელი
700 _aინასარიძე, ნ.
_dმწერალი,
_eრედაქტორი
_91193
942 _cBK
_2udc